00592nam a22001457a 4500041001200000082001500012100002700027245009300054260004300147300000800190942000700198952011200205952011200317999001700429 aEnglish a270.82 ATS aAmerican Tract Society aEcumenical Missionary Conference: New York, 1990: Report of the Ecumenical Conference... aNew YorkbAmerican Tract Societyc1900 a484 cBK 00104070aHMIbHMIcGENd2018-05-08eDirectorg100.00l0o270.82 ATS V2p808r2018-05-08w2026-01-16yARB 00104070aHMIbHMIcGENd2018-05-08eDirectorg100.00l0o270.82 ATS V1p807r2018-05-08w2026-01-16yARB c20998d20998